Sturniolo Triplets Quiz - Statistics

General Stats
  • This quiz has been taken 3,634 times
    1,558 since last reset
  • The average score is 7 of 12
Answer Stats
Question Answer % Correct
Who Is The Youngest Triplet? Chris
99%
Who Is The Middle Triplet? Matt
99%
Who Is The Oldest Triplet? Nick
99%
Which State Were They Born In? Massachusetts
74%
Which Triplet Had Braces? Matt
69%
Whos Individual Channel Has The Least Subscribers? Chris
54%
Whos Individual Channel Has The Most Subscribers? Matt
53%
What Sport Do The Two Youngest Play? Lacrosse
52%
When Is Their Birthday? 1.8.2003
43%
How Many Subscribers Do They Have? 6.2 Million
6%
When Did They Create Their Channel? 24.6.2020
5%
How Many Total Views Does Their Channel Have? 537 Million
1%
No matching quizzes found
Score Distribution
Percent of People with Each Score
Percentile by Number Answered
Your Score History
You have not taken this quiz since the last reset